|
|
|
|
| LEADER |
00000nam0a2200000 4500 |
| 001 |
57798 |
| 005 |
20231031054448.0 |
| 010 |
|
|
|a 5279025496
|
| 035 |
|
|
|a (RuTPU)RU\TPU\book\61021
|
| 090 |
|
|
|a 57798
|
| 100 |
|
|
|a 20031117d2003 m y0rusy50 ca
|
| 101 |
0 |
|
|a rus
|
| 102 |
|
|
|a RU
|
| 105 |
|
|
|a a j 001zy
|
| 200 |
1 |
|
|a Введение в сетевые технологии. Элементы применения и администрирования сетей
|e учебное пособие
|f С. В. Никифоров
|
| 210 |
|
|
|a Москва
|c Финансы и статистика
|d 2003
|
| 215 |
|
|
|a 224 с.
|c ил.
|
| 320 |
|
|
|a Библиогр.: с. 213-214
|
| 320 |
|
|
|a Предметный указатель: с. 220-223
|
| 610 |
1 |
|
|a информатика
|
| 610 |
1 |
|
|a сетевые технологии
|
| 610 |
1 |
|
|a сети
|
| 610 |
1 |
|
|a история
|
| 610 |
1 |
|
|a концепции
|
| 610 |
1 |
|
|a локальные сети
|
| 610 |
1 |
|
|a Internet
|
| 610 |
1 |
|
|a сетевые операционные системы
|
| 610 |
1 |
|
|a распределенные сети
|
| 610 |
1 |
|
|a связь
|
| 610 |
1 |
|
|a протоколы
|
| 610 |
1 |
|
|a Интернет
|
| 610 |
1 |
|
|a средства
|
| 610 |
1 |
|
|a администрирование
|
| 610 |
1 |
|
|a информационная безопасность
|
| 610 |
1 |
|
|a учебные пособия
|
| 675 |
|
|
|a 681.324(075.8)
|v 3
|
| 700 |
|
1 |
|a Никифоров
|b С. В.
|g Сергей Васильевич
|
| 801 |
|
1 |
|a RU
|b 63413507
|c 20031117
|g PSBO
|
| 801 |
|
2 |
|a RU
|b 63413507
|c 20031205
|g PSBO
|
| 900 |
|
|
|a Информационные сети
|
| 942 |
|
|
|c BK
|
| 951 |
|
|
|a 510200
|b 030100
|